000 00278nam a2200121Ia 4500
008 231129s9999||||xx |||||||||||||| ||spa||
040 _bspa
082 _a759.47 L337i
100 _aLasareff Victor
245 0 _aIconos rusos primitivos
264 _aHermes
942 _2ddc
_cBKS
999 _c15547
_d15547